Statistics for Toei Asakusa Line Tokyo - Station Quiz

Click here to take the quiz!

General Stats

  • This quiz has been taken 71 times
  • The average score is 13 of 20

Answer Stats

Station NumberStation% Correct
A18Asakusa
100%
A10Shimbashi
85%
A05Gotanda
77%
A08Mita
77%
A01Nishi-Magome
77%
A20Oshiage
77%
A09Daimon
73%
A02Magome
73%
A13Nihombashi
73%
A07Sengakuji
73%
A16Asakusabashi
65%
A15Higashi-Nihombashi
65%
A11Higashi-Ginza
62%
A19Honjo-Azumabashi
62%
A14Ningyocho
58%
A17Kuramae
54%
A03Nakanobu
50%
A06Takanawadai
50%
A04Togoshi
50%
A12Takaracho
42%

Score Distribution

Percentile by Number Answered

Percent of People with Each Score

Your Score History

You have not taken this quiz